| 000 | 00735cam a22002291 4500 | ||
|---|---|---|---|
| 008 | |||
| 049 | _aMAIN | ||
| 090 | _aS592.2 | ||
| 245 | 1 | 0 |
_aSelected papers in soil formation and classification. _cedited by J. V. Drew...[et al.] |
| 260 |
_aMadison : _bSoil Science Society of America, _cc1967. |
||
| 300 |
_axxii, 428 p. : _bill., maps. ; _c23 cm. |
||
| 440 | 0 |
_aSSSA special publication series ; _vno. 1 |
|
| 504 | _aIncludes bibliographical references. | ||
| 650 | 0 | _aSoil formation. | |
| 650 | 0 |
_aSoils _xClassification. |
|
| 700 | _aDrew, J.V. | ||
| 907 |
_a.b10025923 _b29-07-05 _c17-04-03 |
||
| 003 | |||
| 005 | 20230123133144.0 | ||
| 040 | _cNUST | ||
| 942 |
_cBOOKS _kS592.2 |
||
| 999 |
_c143681 _d143681 |
||